| 000 | 00356nam a2200121 4500 | ||
|---|---|---|---|
| 999 |
_c10897 _d10897 |
||
| 008 | 180926b ||||| |||| 00| 0 eng d | ||
| 100 |
_931694 _aGalupo, Rey |
||
| 245 |
_aDe Lima wants libel decriminalized/ _cRey Galupo |
||
| 260 |
_aPhilippines _bThe Philippine Starc _cc2016 |
||
| 300 | _apage 18. | ||
| 650 | 0 |
_931695 _aLibel and slander. |
|
| 942 |
_2ddc _cPER |
||